| 000 | 00456nam a22001457a 4500 | ||
|---|---|---|---|
| 003 | SGT | ||
| 020 | _a9788173158650 | ||
| 082 |
_a350.954 _bP10C |
||
| 100 | _aचोपड़ा, धनंजय | ||
| 245 | _aपत्रकारिता के युग निर्माता : मदनमोहन मालवीय | ||
| 260 |
_bप्रभात प्रकाशन _c2010 |
||
| 300 | _a119 | ||
| 650 | _aSOCIAL SCIENCE | ||
| 942 |
_2ddc _cBK |
||
| 999 |
_c27626 _d27626 |
||